| 000 | 00612nam a2200205 a 4500 | ||
|---|---|---|---|
| 001 | 2005024 | ||
| 003 | AM-YEHGA | ||
| 005 | 20250617164952.0 | ||
| 008 | 241217s2015 gs o||||||||||||||0|geo|d | ||
| 020 | _a9789941077302 | ||
| 040 | _aAM-YeHGA | ||
| 041 | 0 | _ageo | |
| 100 | 1 | _aსაჰაკიანი, რუბენ | |
| 245 | 1 | 0 |
_aსომეხთა გენოციდი / _cრუბენ საჰაკიანი. |
| 260 |
_aთბილისი : _bS. n., _c2015. |
||
| 300 |
_a75 p. : _bcol. ill. |
||
| 650 | 1 | 4 |
_aArmenian Genocide _y1915-1923 |
| 942 |
_2udc _cBK |
||
| 090 | _c571461 | ||
| 999 |
_c532544 _d532544 |
||